Budovanie transeurópskych sietí ako súčasť európskej intermodálnej dopravy
Potreba modernizácie dopravnej infraštruktúry v Európskej únii. Intermodalita dopravnej infraštruktúry. Potreba dobudovania jednotlivých transeurópskych dopravných koridorov. To si vyžaduje mnohozdrojové financovanie. Jednou z moderných a v súčasnej dobe aj veľmi rozšírenou metódou je financovanie f...
Gespeichert in:
| 1. Verfasser: | |
|---|---|
| Weitere Verfasser: | |
| Format: | Buchkapitel |
| Sprache: | Slowakisch |
| Schlagworte: | |
| Tags: |
Keine Tags, Fügen Sie das erste Tag hinzu!
|
MARC
| LEADER | 00000nla$a2200000$$$4500 | ||
|---|---|---|---|
| 001 | 0046829 | ||
| 005 | 20240502083125.8 | ||
| 041 | 0 | |a slo | |
| 044 | |a CZ | ||
| 245 | 1 | 0 | |a Budovanie transeurópskych sietí ako súčasť európskej intermodálnej dopravy |c Heda Hansenová, Tomáš Halán |
| 520 | |a Potreba modernizácie dopravnej infraštruktúry v Európskej únii. Intermodalita dopravnej infraštruktúry. Potreba dobudovania jednotlivých transeurópskych dopravných koridorov. To si vyžaduje mnohozdrojové financovanie. Jednou z moderných a v súčasnej dobe aj veľmi rozšírenou metódou je financovanie formou Private-Public Partnership (PPP) - partnerstvo súkromno-verejných inštitúcií. | ||
| 610 | 2 | 0 | |a doprava |
| 610 | 2 | 0 | |a doprava medzinárodná |
| 610 | 2 | 0 | |a siete dopravné |
| 610 | 2 | 0 | |a modernizácia |
| 610 | 2 | 0 | |a konkurencieschopnosť |
| 610 | 2 | 0 | |a financovanie |
| 610 | 2 | 0 | |a Európska únia |
| 100 | 1 | |a Hansenová, Heda | |
| 700 | 1 | |a Halán, Tomáš | |